Normale Ansicht
MARC-Ansicht
Eintrag Personenname
001 - Kontrollnummer
- Kontrollfeld: 4818
003 - Kontrollnummer Identifier
- Kontrollfeld: RU-10907106
005 - Datum und Zeit der letzten Transaktion
- Kontrollfeld: 20220330152248.0
008 - Datenelemente mit fester Länge
- Kontrollfeld mit fester Länge: 220330|| aca||aabn | a|a d
040 ## - Katalogisierungsquelle
- Original-Katalogisierungsstelle: RU-10907106
- Übertragungsstelle: RU-10907106
100 ## - Ansetzung - Personenname
- Personenname: Kokebaeva, Gulʹžauchar K
670 ## - Datenquelle
- Quellenangabe: Work cat.: (RU-10907106)59610: Kokebaeva, Gulʹžauchar K. Verfasser (DE-588)1072846640 aut, Germanija - Rossija - SSSR